MyGZULibrary

The micro economy today / (Record no. 1364)

MARC details
000 -LEADER
fixed length control field 01006cam a22002774a 4500
001 - CONTROL NUMBER
control field 14964622
003 - CONTROL NUMBER IDENTIFIER
control field GZU
005 - DATE AND TIME OF LATEST TRANSACTION
control field 20201013092610.0
008 - FIXED-LENGTH DATA ELEMENTS--GENERAL INFORMATION
fixed length control field 070813s2008 maua b 001 0 eng
010 ## - LIBRARY OF CONGRESS CONTROL NUMBER
LC control number 2007032470
020 ## - INTERNATIONAL STANDARD BOOK NUMBER
International Standard Book Number 9780073287126 (alk. paper)
020 ## - INTERNATIONAL STANDARD BOOK NUMBER
International Standard Book Number 0073287121 (alk. paper)
040 ## - CATALOGING SOURCE
Original cataloging agency DLC
Transcribing agency DLC
Modifying agency DLC
050 00 - LIBRARY OF CONGRESS CALL NUMBER
Classification number HB172
Item number .SCH 2008
100 1# - MAIN ENTRY--PERSONAL NAME
Personal name Schiller, Bradley R.,
Dates associated with a name 1943-
Relator term author
245 14 - TITLE STATEMENT
Title The micro economy today /
Statement of responsibility, etc. Bradley R. Schiller.
250 ## - EDITION STATEMENT
Edition statement 11th ed.
260 ## - PUBLICATION, DISTRIBUTION, ETC.
Place of publication, distribution, etc. Boston :
Name of publisher, distributor, etc. McGraw-Hill Irwin,
Date of publication, distribution, etc. 2008.
300 ## - PHYSICAL DESCRIPTION
Extent 1 v. (various pagings) :
Other physical details ill., ;
Dimensions 28 cm.
504 ## - BIBLIOGRAPHY, ETC. NOTE
Bibliography, etc. note Includes bibliographical references and index.
650 #0 - SUBJECT ADDED ENTRY--TOPICAL TERM
Topical term or geographic name entry element Microeconomics.
856 41 - ELECTRONIC LOCATION AND ACCESS
Materials specified Table of contents only
Uniform Resource Identifier <a href="http://www.loc.gov/catdir/enhancements/fy0743/2007032470-t.html">http://www.loc.gov/catdir/enhancements/fy0743/2007032470-t.html</a>
856 42 - ELECTRONIC LOCATION AND ACCESS
Materials specified Publisher description
Uniform Resource Identifier <a href="http://www.loc.gov/catdir/enhancements/fy0743/2007032470-d.html">http://www.loc.gov/catdir/enhancements/fy0743/2007032470-d.html</a>
906 ## - LOCAL DATA ELEMENT F, LDF (RLIN)
a 7
b cbc
c orignew
d 1
e ecip
f 20
g y-gencatlg
942 ## - ADDED ENTRY ELEMENTS (KOHA)
Source of classification or shelving scheme Library of Congress Classification
Koha item type Books
Edition 11th ed.
Classification part 172
Item part SCH
Call number prefix HB
Holdings
Withdrawn status Lost status Source of classification or shelving scheme Damaged status Not for loan Collection code Home library Current library Shelving location Date acquired Total Checkouts Full call number Barcode Date last seen Date last checked out Copy number Price effective from Koha item type Inventory number
    Library of Congress Classification     Non-fiction City Campus Library City Campus Library General Stacks 11/01/2010 1 HB172 SCH 2008 002388 12/19/2022 12/08/2022 c. 1 10/13/2020 Books  
          Non-fiction Mashava Campus Library Mashava Campus Library General Stacks 05/05/2021   HB172 SCH 2008 B018966 05/05/2021   c.2 05/05/2021 Books 9843